Controlling podnikov financovaných na princípe verejných zdrojov III. [zborník vedeckých prác]

Gespeichert in:
Bibliographische Detailangaben
Körperschaft: Ekonomická univerzita v Bratislave. Fakulta podnikového manažmentu
Weitere Verfasser: Šagátová, Slavka, 1975-, Kajanová, Jana, Matušovič, Martin
Format: Buch
Sprache:Slowakisch
Veröffentlicht: Bratislava Vydavateľstvo EKONÓM 2015
Ausgabe:1. vyd.
Schlagworte:
Tags: Tag hinzufügen
Keine Tags, Fügen Sie das erste Tag hinzu!

MARC

LEADER 00000nlm a2200000 4500
001 0205815
005 20240522123717.0
020 |a 978-80-225-4019-3 
041 0 |a slo 
044 |a SK 
245 1 0 |a Controlling podnikov financovaných na princípe verejných zdrojov III.  |b [zborník vedeckých prác]  |c Gabriela Dubcová a kolektív, redakčné a zostavovateľské práce: Slávka Šagátová ; vedeckí recenzenti: Jana Kajanová, Martin Matušovič 
250 |a 1. vyd. 
264 1 |a Bratislava  |b Vydavateľstvo EKONÓM  |c 2015 
300 |a CD-ROM [133 s., 6,7 AH] 
610 2 0 |a kontroling 
610 2 0 |a financie verejné 
610 2 0 |a rozpočty verejné 
610 2 0 |a sektor verejný 
610 2 0 |a správa verejná 
610 2 0 |a samospráva 
610 2 0 |a obstarávanie verejné 
700 1 |a Šagátová, Slavka, 1975- 
700 1 |a Kajanová, Jana 
700 1 |a Matušovič, Martin 
710 2 |a Ekonomická univerzita v Bratislave. Fakulta podnikového manažmentu